000 00761nam a2200241Ia 4500
003 GCL
008 140319s9999 xx 000 0 ara d
020 _a0176314977
040 _aGCL /
_cGCL
082 0 4 _a320.9
_bس ب
100 1 _aسعيد اللاوندى
245 1 0 _aبدائل العولمة /
_cسعيد اللاوندى
250 _aالثانية
260 _aالقاهرة :
_bدار نهضة مصر للطبع والنشر ،
_c2002
300 _a231 ص ؛
_c24 سم
650 0 4 _aالاحوال السياسية
650 0 4 _aالديمقراطية
650 0 4 _aالراسمالية
650 0 4 _aمنظمة التجارة العالمية
650 0 4 _aالحروب الاهلية
650 0 4 _aالعولمة
942 _2ddc
_cBK
999 _c5665
_d5665